[Event "Novokuznetsk op"]
[Site "Novokuznetsk"]
[Date "2012.08.08"]
[Round "7"]
[White "Bogachev, Alexandr"]
[Black "Feofanov, Vladimir"]
[Result "0-1"]
[WhiteElo "2041"]
[BlackElo "2281"]
[PlyCount "76"]
[EventDate "2012.08.02"]
[EventType "swiss"]
[EventRounds "9"]
[EventCountry "RUS"]
[SourceTitle "EXT 2013"]
[Source "ChessBase"]
[SourceDate "2012.11.22"]
[SourceVersion "1"]
[SourceVersionDate "2012.11.22"]
[SourceQuality "1"]

1. d4 d5 2. e3 Nf6 3. Bd3 c5 4. c3 Nc6 5. f4 Bg4 6. Nf3 e6 7. Nbd2 Bd6 8. 0-0 0-0 9. a3 a5 10. Qe1 Bf5 11. Bb1 cxd4 12. Nxd4 Bxb1 13. Rxb1 g6 14. Kh1 Nxd4 15. exd4 b5 16. Nf3 Ne4 17. Ng5 Nxg5 18. fxg5 b4 19. Ra1 bxa3 20. bxa3 a4 21. Rf3 Ra7 22. Rh3 Qe7 23. Be3 Rc7 24. g4 f5 25. gxf6 Qxf6 26. Bh6 Rff7 27. Be3 Rb7 28. Ra2 Qf1+ 29. Qxf1 Rxf1+ 30. Kg2 Rfb1 31. Rf2 R1b2 32. Bd2 Rf7 33. Be1 Rfxf2+ 34. Bxf2 Bxa3 35. Re3 Be7 36. Kf3 Kf7 37. h3 a3 38. Re1 Rxf2+ 0-1

[Event "Novokuznetsk op"]
[Site "Novokuznetsk"]
[Date "2012.08.07"]
[Round "6"]
[White "Feofanov, Vladimir"]
[Black "Tsepennikova, Tatyana"]
[Result "1/2-1/2"]
[WhiteElo "2281"]
[BlackElo "2083"]
[PlyCount "48"]
[EventDate "2012.08.02"]
[EventType "swiss"]
[EventRounds "9"]
[EventCountry "RUS"]
[SourceTitle "EXT 2013"]
[Source "ChessBase"]
[SourceDate "2012.11.22"]
[SourceVersion "1"]
[SourceVersionDate "2012.11.22"]
[SourceQuality "1"]

1. d4 d5 2. c4 c6 3. Nc3 Nf6 4. Nf3 e6 5. Bg5 Nbd7 6. cxd5 exd5 7. e3 Be7 8. Bd3 0-0 9. 0-0 Re8 10. Qc2 h6 11. Bf4 Nf8 12. h3 Bd6 13. Be5 Bxe5 14. Nxe5 N6d7 15. Nxd7 Bxd7 16. Bf5 Qg5 17. Bxd7 Nxd7 18. Kh2 Nf6 19. Qd1 Ne4 20. Qg4 Qf6 21. Nxe4 Rxe4 22. Qf3 Qd6+ 23. g3 Rae8 24. Kg2 R8e6 1/2-1/2

[Event "Sibiria Region-ch"]
[Site "Prokopevsk"]
[Date "2012.03.18"]
[Round "7"]
[White "Feofanov, Vladimir"]
[Black "Dyagilev, Viktor"]
[Result "0-1"]
[WhiteElo "2286"]
[BlackElo "2106"]
[PlyCount "126"]
[EventDate "2012.03.12"]
[EventType "swiss"]
[EventRounds "9"]
[EventCountry "RUS"]
[SourceTitle "EXT 2013"]
[Source "ChessBase"]
[SourceDate "2012.11.22"]
[SourceVersion "1"]
[SourceVersionDate "2012.11.22"]
[SourceQuality "1"]

1. d4 Nf6 2. c4 g6 3. Nc3 Bg7 4. e4 d6 5. Nf3 0-0 6. h3 e5 7. d5 a5 8. Bg5 Na6 9. Nd2 h6 10. Be3 Nd7 11. a3 f5 12. f3 Nf6 13. Qc2 f4 14. Bf2 Bd7 15. b3 Qe7 16. Bd3 Nc5 17. Ke2 Nh5 18. Rhb1 Qg5 19. Rg1 Ng3+ 20. Ke1 h5 21. Rb1 Qe7 22. Ne2 Nxe2 23. Kxe2 g5 24. Qc3 g4 25. hxg4 hxg4 26. Bc2 b6 27. fxg4 Bxg4+ 28. Nf3 Nd7 29. Rh1 Bf6 30. Rh2 Kg7 31. Rbh1 Rh8 32. Qe1 Qf7 33. Kd2 Rxh2 34. Rxh2 Rg8 35. Qh1 Kf8 36. Kc3 Ke7 37. Nd2 Nf8 38. Bd1 Qg6 39. Bf3 Qg7 40. b4 axb4+ 41. axb4 Bxf3 42. gxf3 Rh8 43. Rxh8 Qxh8 44. Qxh8 Bxh8 45. Kb3 Bf6 46. Ka4 Ng6 47. Kb5 Kd7 48. Bxb6 cxb6 49. Kxb6 Bh4 50. c5 Be1 51. Nc4 Bxb4 52. Nxd6 Nh4 53. Nc4 Bxc5+ 54. Kxc5 Nxf3 55. d6 Ng5 56. Nxe5+ Ke6 57. d7 Kxe5 58. d8N f3 59. Nc6+ Kxe4 60. Nd4 f2 61. Ne2 Kf3 62. Nd4+ Ke3 63. Nf5+ Kf4 0-1

[Event "Berdsk Maestro op 16th"]
[Site "Berdsk"]
[Date "2010.07.15"]
[Round "8"]
[White "Feofanov, Vladimir"]
[Black "Ruzanov, Alexander"]
[Result "1-0"]
[WhiteElo "2315"]
[BlackElo "2078"]
[PlyCount "107"]
[EventDate "2010.07.08"]
[EventType "swiss"]
[EventRounds "9"]
[EventCountry "RUS"]
[SourceTitle "EXT 2011"]
[Source "ChessBase"]
[SourceDate "2010.11.26"]
[SourceVersion "1"]
[SourceVersionDate "2010.11.26"]
[SourceQuality "1"]

1. d4 Nf6 2. c4 g6 3. Nc3 Bg7 4. e4 d6 5. Nf3 0-0 6. Be2 e5 7. d5 a5 8. Be3 Ng4 9. Bg5 f6 10. Bh4 h5 11. Nd2 Na6 12. h3 Nh6 13. a3 Bd7 14. Rb1 c5 15. dxc6 bxc6 16. b4 axb4 17. axb4 g5 18. Bg3 h4 19. Bh2 f5 20. 0-0 g4 21. b5 Nc5 22. bxc6 Bxc6 23. hxg4 fxe4 24. Qc2 e3 25. Nde4 exf2+ 26. Rxf2 Rxf2 27. Nxf2 Qg5 28. Rd1 Nf7 29. Bf3 Bxf3 30. gxf3 Qe3 31. Nd5 Qxf3 32. Ne7+ Kf8 33. Ng6+ Kg8 34. Nxh4 Qf6 35. Nf5 Bh6 36. Bg3 Ra3 37. Kg2 Bf4 38. Bh4 Bg5 39. Bxg5 Qxg5 40. Nxd6 Nxd6 41. Rxd6 e4 42. Qb2 Rb3 43. Qa2 Rg3+ 44. Kxg3 Qe5+ 45. Kg2 Qxd6 46. Qa8+ Kg7 47. Nxe4 Qe6 48. Ng3 Qxc4 49. Nf5+ Kg6 50. Qc6+ Qe6 51. Qxc5 Qe2+ 52. Kg3 Qe1+ 53. Qf2 Qe5+ 54. Kh3 1-0

[Event "Berdsk Maestro op 16th"]
[Site "Berdsk"]
[Date "2010.07.14"]
[Round "7"]
[White "Kamrukov, Alexey"]
[Black "Feofanov, Vladimir"]
[Result "0-1"]
[WhiteElo "2022"]
[BlackElo "2315"]
[PlyCount "74"]
[EventDate "2010.07.08"]
[EventType "swiss"]
[EventRounds "9"]
[EventCountry "RUS"]
[SourceTitle "EXT 2011"]
[Source "ChessBase"]
[SourceDate "2010.11.26"]
[SourceVersion "1"]
[SourceVersionDate "2010.11.26"]
[SourceQuality "1"]

1. d4 d5 2. c4 dxc4 3. e3 e5 4. dxe5 Qxd1+ 5. Kxd1 Be6 6. Nf3 Nd7 7. Nbd2 0-0-0 8. Kc2 Nb6 9. Ng5 Bf5+ 10. e4 Bg6 11. Nxc4 h6 12. Nxb6+ axb6 13. Nh3 Bxe4+ 14. Kc3 Rd1 15. f3 Bd3 16. Bxd3 Rxh1 17. Nf2 Rg1 18. Bf5+ Kb8 19. Bh3 Ne7 20. b3 Nc6 21. Nd3 Bc5 22. Nxc5 bxc5 23. f4 Nd4 24. f5 Rxc1+ 25. Rxc1 Ne2+ 26. Kd2 Nxc1 27. Kxc1 Re8 28. e6 fxe6 29. fxe6 c6 30. Kc2 Kc7 31. Kc3 Kd6 32. a4 b5 33. a5 b4+ 34. Kc4 Ra8 35. e7 Re8 36. a6 Rxe7 37. Bc8 Re3 0-1

[Event "Berdsk Maestro op 16th"]
[Site "Berdsk"]
[Date "2010.07.12"]
[Round "5"]
[White "Kiryushkin, Alexander"]
[Black "Feofanov, Vladimir"]
[Result "0-1"]
[WhiteElo "2016"]
[BlackElo "2315"]
[PlyCount "94"]
[EventDate "2010.07.08"]
[EventType "swiss"]
[EventRounds "9"]
[EventCountry "RUS"]
[SourceTitle "EXT 2011"]
[Source "ChessBase"]
[SourceDate "2010.11.26"]
[SourceVersion "1"]
[SourceVersionDate "2010.11.26"]
[SourceQuality "1"]

1. e4 c6 2. d4 d5 3. exd5 cxd5 4. Bd3 Nc6 5. c3 Nf6 6. Bf4 g6 7. Nd2 Bg7 8. Ngf3 0-0 9. 0-0 Bf5 10. Qe2 Bxd3 11. Qxd3 e6 12. Ne5 Nh5 13. Nxc6 Nxf4 14. Qf3 Qc7 15. Nb4 a5 16. Nd3 Nxd3 17. Qxd3 b5 18. Nb3 b4 19. Nc5 Rfc8 20. f4 bxc3 21. bxc3 Bf8 22. Na4 Qd6 23. Rab1 Qa3 24. Qd1 Ra7 25. Qb3 Rc4 26. Qb8 Rac7 27. Nc5 R7xc5 28. dxc5 Qxc5+ 29. Kh1 Rxc3 30. Qb5 Qxb5 31. Rxb5 Ra3 32. Rb2 Bb4 33. Rd1 Kg7 34. Kg1 Kf6 35. Kf2 Kf5 36. g3 h5 37. Ke2 f6 38. Rd3 Bc3 39. Rc2 d4 40. Kf3 e5 41. fxe5 fxe5 42. Re2 g5 43. g4+ hxg4+ 44. Kg3 e4 45. Rd1 e3 46. Rf1+ Ke4 47. Rf8 d3 0-1

[Event "Berdsk Maestro op 16th"]
[Site "Berdsk"]
[Date "2010.07.10"]
[Round "3"]
[White "Kovalev, Vitaly"]
[Black "Feofanov, Vladimir"]
[Result "1-0"]
[WhiteElo "1997"]
[BlackElo "2315"]
[PlyCount "69"]
[EventDate "2010.07.08"]
[EventType "swiss"]
[EventRounds "9"]
[EventCountry "RUS"]
[SourceTitle "EXT 2011"]
[Source "ChessBase"]
[SourceDate "2010.11.26"]
[SourceVersion "1"]
[SourceVersionDate "2010.11.26"]
[SourceQuality "1"]

1. c4 c6 2. Nc3 d5 3. d4 Nf6 4. Nf3 dxc4 5. a4 Bf5 6. e3 e6 7. Bxc4 Bb4 8. 0-0 0-0 9. Ne5 Nbd7 10. Qe2 Qe7 11. e4 Bg6 12. Bg5 Qe8 13. Nxg6 fxg6 14. a5 Kh8 15. Rfd1 h6 16. Bh4 g5 17. Bg3 Nh5 18. e5 Nf4 19. Qg4 b5 20. Be2 Bxc3 21. bxc3 Nd5 22. c4 bxc4 23. Bxc4 Rf7 24. Bd3 Nf8 25. a6 Rd8 26. Rac1 Rc7 27. h4 gxh4 28. Bxh4 Rdc8 29. Rc5 Qf7 30. Bg3 g6 31. Be4 Kg7 32. Rd3 Ne7 33. Bh4 Nd7 34. Bxe7 Nxc5 35. Bf6+ 1-0

[Event "Berdsk Maestro op 15th"]
[Site "Berdsk"]
[Date "2009.07.09"]
[Round "2"]
[White "Feofanov, Vladimir"]
[Black "Kurnosenko, Viktor"]
[Result "1-0"]
[WhiteElo "2298"]
[BlackElo "2089"]
[PlyCount "156"]
[EventDate "2009.07.08"]
[EventType "swiss"]
[EventRounds "9"]
[EventCountry "RUS"]
[SourceTitle "EXT 2022"]
[Source "ChessBase"]
[SourceDate "2021.10.06"]
[SourceVersion "1"]
[SourceVersionDate "2021.10.06"]
[SourceQuality "1"]

1. d4 Nf6 2. c4 e6 3. Nc3 Bb4 4. Qc2 b6 5. a3 Bxc3+ 6. Qxc3 Ne4 7. Qc2 Bb7 8. Nf3 0-0 9. e3 d6 10. Bd3 f5 11. 0-0 Nd7 12. Nd2 Ndf6 13. f3 Ng5 14. b4 Qe8 15. Bb2 Qg6 16. d5 Rae8 17. dxe6 Nh3+ 18. Kh1 Ng4 19. fxg4 Qxg4 20. e4 Rxe6 21. gxh3 fxe4 22. Rxf8+ Kxf8 23. hxg4 exd3+ 24. Kg1 dxc2 25. Kf2 Rh6 26. Nf1 Rh3 27. Rc1 Be4 28. Re1 Rf3+ 29. Ke2 Rb3 30. Bc1 Rh3 31. Kd2 Bd3 32. Ne3 Be4 33. Re2 Rh4 34. Rf2+ Ke7 35. Bb2 Rh3 36. Nxc2 Rd3+ 37. Kc1 Bf3 38. Bxg7 Bxg4 39. Bf6+ Kd7 40. Rg2 h5 41. Rd2 Rf3 42. Bg5 Rc3 43. Kb2 Rxc4 44. Ne3 Re4 45. Nxg4 Rxg4 46. h4 c5 47. b5 Re4 48. Rf2 Ke6 49. Rf6+ Kd5 50. Rh6 Kc4 51. Rxd6 Kxb5 52. Rh6 Ka4 53. Rxh5 Re2+ 54. Kb1 Kxa3 55. Rh7 Rb2+ 56. Kc1 a5 57. Bd2 a4 58. h5 b5 59. h6 Kb3 60. Rf7 a3 61. Rf3+ Ka2 62. Rxa3+ Kxa3 63. h7 Kb3 64. h8Q Rc2+ 65. Kd1 b4 66. Qh7 Ra2 67. Qd3+ Ka4 68. Qa6+ Kb3 69. Qb5 Ra1+ 70. Ke2 Rh1 71. Qxc5 Rh2+ 72. Kd1 Rh1+ 73. Be1 Rh3 74. Qxb4+ Ka2 75. Qb5 Rb3 76. Qc4 Kb2 77. Bd2 Ra3 78. Bc1+ Ka1 1-0

[Event "Berdsk Maestro op 14th"]
[Site "Berdsk"]
[Date "2008.07.11"]
[Round "4"]
[White "Feofanov, Vladimir"]
[Black "Samkov, Maxim"]
[Result "1/2-1/2"]
[WhiteElo "2298"]
[BlackElo "2161"]
[PlyCount "48"]
[EventDate "2008.07.08"]
[EventType "swiss"]
[EventRounds "9"]
[EventCountry "RUS"]
[SourceTitle "CBM 125 Extra"]
[Source "ChessBase"]
[SourceDate "2008.09.01"]
[SourceVersion "1"]
[SourceVersionDate "2008.09.01"]
[SourceQuality "1"]

1. d4 Nf6 2. c4 e6 3. Nf3 c5 4. e3 cxd4 5. exd4 d5 6. Nc3 Be7 7. cxd5 Nxd5 8. Bc4 Nxc3 9. bxc3 0-0 10. Bb3 Nd7 11. 0-0 b6 12. c4 Bb7 13. Bb2 Rc8 14. Rc1 Qc7 15. Qe2 Bf6 16. Nd2 Qf4 17. g3 Qf5 18. f3 Bg5 19. Rcd1 Rfd8 20. Ne4 Be7 21. Kg2 Nf6 22. d5 exd5 23. Bxf6 Bxf6 24. Nxf6+ gxf6 1/2-1/2

[Event "Berdsk Maestro op 14th"]
[Site "Berdsk"]
[Date "2008.07.09"]
[Round "2"]
[White "Feofanov, Vladimir"]
[Black "Kuzmin, Nikolai"]
[Result "1-0"]
[WhiteElo "2298"]
[BlackElo "2079"]
[PlyCount "45"]
[EventDate "2008.07.08"]
[EventType "swiss"]
[EventRounds "9"]
[EventCountry "RUS"]
[SourceTitle "CBM 125 Extra"]
[Source "ChessBase"]
[SourceDate "2008.09.01"]
[SourceVersion "1"]
[SourceVersionDate "2008.09.01"]
[SourceQuality "1"]

1. d4 Nf6 2. c4 g6 3. Nc3 Bg7 4. e4 d6 5. Nf3 0-0 6. Be2 Nbd7 7. Be3 e5 8. d5 Nh5 9. g3 f5 10. exf5 gxf5 11. Ng5 Nhf6 12. Ne6 Qe7 13. Nxf8 Nxf8 14. Qc2 Ng6 15. 0-0-0 e4 16. f4 Kh8 17. h3 a6 18. Rdg1 Bd7 19. g4 Rf8 20. g5 Ng8 21. h4 Ra8 22. h5 Nf8 23. h6 1-0

[Event "Sibiria Region-chT"]
[Site "Kemerovo"]
[Date "2007.12.11"]
[Round "5"]
[White "Feofanov, Vladimir"]
[Black "Salinnikov, Denis Y"]
[Result "0-1"]
[WhiteElo "2301"]
[BlackElo "2395"]
[PlyCount "78"]
[EventDate "2007.12.07"]
[EventType "team"]
[EventRounds "7"]
[EventCountry "RUS"]
[SourceTitle "CBM 122 Extra"]
[Source "ChessBase"]
[SourceDate "2008.03.04"]
[SourceVersion "1"]
[SourceVersionDate "2008.03.04"]
[SourceQuality "1"]

1. d4 Nf6 2. c4 g6 3. Nc3 Bg7 4. Nf3 0-0 5. e4 d6 6. Be2 e5 7. d5 a5 8. Be3 Ng4 9. Bg5 f6 10. Bh4 h5 11. Nd2 Qd7 12. h3 Nh6 13. f3 f5 14. b3 Qf7 15. a3 Nd7 16. b4 fxe4 17. Ndxe4 Nf5 18. Bf2 Bh6 19. 0-0 Ne3 20. Qc1 Ng4 21. Qc2 Nxf2 22. Kxf2 Nf6 23. c5 Bf5 24. Bd3 axb4 25. axb4 Rxa1 26. Rxa1 Bxh3 27. Ke1 Nxe4 28. Nxe4 Bd7 29. cxd6 cxd6 30. Nxd6 Qf4 31. Ne4 Qe3+ 32. Qe2 Qg1+ 33. Qf1 Qe3+ 34. Qe2 Qg1+ 35. Qf1 Qd4 36. Rb1 Ra8 37. Qe2 Ra3 38. Rd1 Ba4 39. Nf6+ Kg7 0-1

[Event "Kemerovo op"]
[Site "Kemerovo"]
[Date "2007.07.26"]
[Round "6"]
[White "Denisov, Lev"]
[Black "Feofanov, Vladimir"]
[Result "1-0"]
[WhiteElo "2327"]
[BlackElo "2318"]
[PlyCount "73"]
[EventDate "2007.07.23"]
[EventType "swiss"]
[EventRounds "9"]
[EventCountry "RUS"]
[SourceTitle "EXT 2022"]
[Source "ChessBase"]
[SourceDate "2021.10.06"]
[SourceVersion "1"]
[SourceVersionDate "2021.10.06"]
[SourceQuality "1"]

1. e4 c6 2. d4 d5 3. e5 Bf5 4. Nc3 Qb6 5. Nf3 e6 6. Be2 Bg4 7. 0-0 Ne7 8. Na4 Qc7 9. b3 Nd7 10. c4 dxc4 11. bxc4 Nb6 12. Nxb6 axb6 13. Qb3 Nc8 14. h3 Bxf3 15. Bxf3 Be7 16. Bb2 0-0 17. Rfe1 Ra5 18. a4 Rd8 19. Bc3 Ra8 20. g3 Bf8 21. Reb1 Ra7 22. Ra2 Qd7 23. Rd2 Ne7 24. Bd1 Nc8 25. Bc2 Qe7 26. Ra1 Qg5 27. Rad1 h5 28. Bb2 h4 29. g4 Ra5 30. Rd3 Rd7 31. f4 Qe7 32. Bc3 Ra8 33. Kh2 Qd8 34. f5 Be7 35. d5 cxd5 36. cxd5 Rxd5 37. fxe6 1-0

[Event "RUS-chT2"]
[Site "Sochi"]
[Date "2007.05.06"]
[Round "4"]
[White "Sjugirov, Sanan"]
[Black "Feofanov, Vladimir"]
[Result "1-0"]
[WhiteElo "2395"]
[BlackElo "2316"]
[PlyCount "113"]
[EventDate "2007.05.03"]
[EventType "team"]
[EventRounds "9"]
[EventCountry "RUS"]
[SourceTitle "CBM 118 Extra"]
[Source "ChessBase"]
[SourceDate "2007.07.04"]
[SourceVersion "1"]
[SourceVersionDate "2007.07.04"]
[SourceQuality "1"]

1. e4 e6 2. d4 d5 3. Nd2 Be7 4. Bd3 Nc6 5. c3 dxe4 6. Bxe4 Nf6 7. Bf3 0-0 8. Nc4 Nd5 9. Ne2 Bf6 10. Ng3 b5 11. Ne3 Rb8 12. 0-0 Nxe3 13. Bxe3 Bb7 14. Nh5 Na5 15. Bxb7 Nxb7 16. a4 a6 17. axb5 axb5 18. Qf3 Nd6 19. Ra7 Be7 20. Qc6 Ne8 21. Rfa1 Bd6 22. Ra8 Rxa8 23. Rxa8 Qh4 24. Ng3 Nf6 25. Nf1 Qh5 26. Ra5 Rb8 27. c4 Qd1 28. Rxb5 Rxb5 29. Qxb5 h5 30. h3 Qe2 31. Qb8+ Bf8 32. Nd2 c6 33. Qc8 Qd1+ 34. Kh2 Qa4 35. b3 Qa3 36. Qxc6 Bd6+ 37. Kg1 Bb4 38. Qa4 Qc1+ 39. Nf1 Qe1 40. Qa8+ Kh7 41. Qf3 Qa1 42. Qb7 Qa3 43. Qxf7 Qxb3 44. Qxe6 Bc3 45. Qf5+ Kg8 46. Qd3 Qb2 47. Ng3 Ba5 48. Qf5 Qa1+ 49. Kh2 h4 50. Qc8+ Kf7 51. Nf5 Qb1 52. Nxh4 Qe4 53. Nf3 Kg6 54. Ne5+ Kh7 55. Nd7 Nh5 56. Nf8+ Kh8 57. Ne6+ 1-0

[Event "RUS-Cup8"]
[Site "Smolensk"]
[Date "1997.??.??"]
[Round "1"]
[White "Asrian, Karen"]
[Black "Feofanov, Vladimir"]
[Result "1-0"]
[WhiteElo "2440"]
[BlackElo "2345"]
[PlyCount "65"]
[EventDate "1997.06.13"]
[EventType "swiss"]
[EventRounds "9"]
[EventCountry "RUS"]
[SourceTitle "CBM 058 Extra"]
[Source "ChessBase"]
[SourceDate "1997.07.29"]
[SourceVersion "1"]
[SourceVersionDate "1997.07.29"]
[SourceQuality "1"]

1. e4 e5 2. Nf3 Nc6 3. Bb5 a6 4. Ba4 Nf6 5. 0-0 Be7 6. Re1 b5 7. Bb3 d6 8. c3 0-0 9. h3 Na5 10. Bc2 c5 11. d4 Qc7 12. Nbd2 cxd4 13. cxd4 Bb7 14. d5 Nc4 15. Nf1 b4 16. Ng3 Rfc8 17. Bd3 a5 18. Nf5 Bf8 19. Qe2 Nd7 20. Nh2 Ncb6 21. Ng4 Na4 22. Qf3 Nac5 23. Bb5 f6 24. Be3 Ba6 25. Bc6 Bb7 26. Bb5 Ba6 27. Bxa6 Rxa6 28. Rec1 Qb7 29. Bd2 Raa8 30. h4 Qb5 31. Ngh6+ gxh6 32. Qg4+ Kh8 33. Bxh6 1-0

[Event "RUS-Cup8"]
[Site "Smolensk"]
[Date "1997.??.??"]
[Round "8"]
[White "Tsyganov, Igor M"]
[Black "Feofanov, Vladimir"]
[Result "1/2-1/2"]
[WhiteElo "2255"]
[BlackElo "2345"]
[PlyCount "41"]
[EventDate "1997.06.13"]
[EventType "swiss"]
[EventRounds "9"]
[EventCountry "RUS"]
[SourceTitle "CBM 058 Extra"]
[Source "ChessBase"]
[SourceDate "1997.07.29"]
[SourceVersion "1"]
[SourceVersionDate "1997.07.29"]
[SourceQuality "1"]

1. d4 Nf6 2. Nf3 d6 3. c4 g6 4. Nc3 Bg7 5. e4 0-0 6. Be2 Bg4 7. 0-0 Nbd7 8. h3 Bxf3 9. Bxf3 c5 10. d5 a6 11. a4 b6 12. Be2 Qc7 13. Be3 Rfe8 14. Qd2 e6 15. dxe6 Rxe6 16. Rad1 Bf8 17. f3 Ne5 18. b3 Qb7 19. Rf2 Nc6 20. Bf1 Bg7 21. g4 1/2-1/2